Nommez un joueur élu Ballon d'Or valide - Statistiques

Statistiques générales
  • Ce quiz a été pris 241 fois
  • Le résultat moyen est 11 sur 13
Statistiques - réponses
Descritption Nombre Ballon d'Or Ballon d'Or % Correct
En a gagné plus d'un 9 🏆 Messi | Cristiano | Platini| Cruyff| Van Basten | Beckenbauer | Ronaldo | Di Stéfano | Keegan Rummenigge
100%
Le plus titré de tous 1 🏆 Messi
99%
Est de nationalité allemande 5 🏆 Müller | Beckenbauer | Rummenigge | Matthäus | Sammer
90%
Encore en activité (saison 2025-2026) 5 🏆 Benzema | Messi | Modric | Rodri | Cristiano Ronaldo | Dembelé
88%
Ayant gagné le Ballon d'Or sans avoir fait d'autres podiums 21 🏆 Matthews| Sívori| Masopust| Yachine| Law| Albert| Blokhine| Rossi| Belanov| Papin| Weah| Sammer| Rivaldo| Figo| Owen| Nedvěd| Cannavaro| Kaka| Modrić| Benzema| Rodri|
88%
L'a gagné en étant joueur de la Juventus 6 🏆 Nedved | Zidane | Baggio | Platini | Rossi | Sivori
85%
Qui a remporté la Coupe du Monde la même année 6 🏆 Charlton | Rossi | Matthäus | Zidane | Ronaldo | Cannavaro
85%
Joueur le plus nommé 1 🏆 Cristiano Ronaldo
85%
Seul gardien de but l'ayant remporté 1 🏆 Yachine
82%
En a gagné exactement 3 3 🏆 van Basten | Cruyff |Platini
82%
Ukrainien vainqueur né à Dvirkivchtchyna 1 🏆 Shevchenko
69%
Ayant remporté le Ballon d'Or entre 1970 et 1980 7 🏆 Keegan | Rummenigge | Simonsen |Beckenbauer |BlokhineCruyff |Müller
68%
Plus jeune élu (21 ans) 1 🏆 Ronaldo
67%
Aucun quiz correspondant
Distribution des résultats
% des personnes avec chaque résultat
Percentile par nombre de réponses
Votre historique - résultats
Vous n’avez pas pris ce quiz